=LDR 00000nam 2200000 4500 =001 INLIS000000000810398 =005 20251207015139 =035 ##$$a 0010-1225000036 =007 ta =008 251207###########################0###### =020 ##$$a 979-3536-25-X =082 ##$$a 297.5 =084 ##$$a R 297.5 SAL e =245 ##$$a Ensiklopedi Larangan /$c Syaikh Salim bin Ied al Hilali =250 ##$$a Cet. 1 =260 ##$$a Jakarta : :$b Pustaka Imam Asy-Syafi'i, =300 ##$$a 834 Halaman ; $c 17 x 24 cm